RESEARCH programme 1958-1962 : progress report 1960

Bibliographic Details
Corporate Author: Forest Reseach Institute Malaysia (FRIM)
Format: Book
Published: Kuala Lumpur : Forest Department , 1961
Series:Research pamphlet ; no. 26B
Subjects:

MARC

LEADER 00000cam a2200000 7i4500
001 0000003060
005 20040427.0
090 0 0 |a RP634.9072   |b RES 1961 
245 0 0 |a RESEARCH programme 1958-1962 :   |b progress report 1960 
260 0 0 |a Kuala Lumpur :   |b Forest Department ,   |c 1961 
300 |a x, 55 p. ;   |c 34 cm. 
440 0 0 |a Research pamphlet ; no. 26B 
650 0 0 |a Forests and Forestry   |x Research 
710 1 1 |a Forest Reseach Institute Malaysia (FRIM) 
998 |a JPSM 
999 |a 0000005387   |b Monograph   |c Open Shelf   |e Default branch 
999 |a 0000005388   |b Monograph   |c Open Shelf   |e Default branch 
999 |a 0000005389   |b Monograph   |c Open Shelf   |e Default branch 
999 |a 0000005390   |b Monograph   |c Open Shelf   |e Default branch